<?xml version='1.0' encoding='UTF-8'?><?xml-stylesheet href='static/style.xsl' type='text/xsl'?><OAI-PMH xmlns="http://www.openarchives.org/OAI/2.0/" xmlns:xsi="http://www.w3.org/2001/XMLSchema-instance" xsi:schemaLocation="http://www.openarchives.org/OAI/2.0/ http://www.openarchives.org/OAI/2.0/OAI-PMH.xsd"><responseDate>2026-05-01T08:30:12Z</responseDate><request verb="GetRecord" identifier="oai:ebiltegia.mondragon.edu:20.500.11984/4774" metadataPrefix="marc">https://ebiltegia.mondragon.edu/oai/request</request><GetRecord><record><header><identifier>oai:ebiltegia.mondragon.edu:20.500.11984/4774</identifier><datestamp>2024-01-04T21:57:01Z</datestamp><setSpec>com_20.500.11984_1736</setSpec><setSpec>com_20.500.11984_1627</setSpec><setSpec>col_20.500.11984_1972</setSpec></header><metadata><record xmlns="http://www.loc.gov/MARC21/slim" xmlns:dcterms="http://purl.org/dc/terms/" xmlns:xsi="http://www.w3.org/2001/XMLSchema-instance" xmlns:doc="http://www.lyncode.com/xoai" xsi:schemaLocation="http://www.loc.gov/MARC21/slim http://www.loc.gov/standards/marcxml/schema/MARC21slim.xsd">
   <leader>00925njm 22002777a 4500</leader>
   <datafield ind2=" " ind1=" " tag="042">
      <subfield code="a">dc</subfield>
   </datafield>
   <datafield ind2=" " ind1=" " tag="720">
      <subfield code="a">Mondragon Unibertsitatea</subfield>
      <subfield code="e">author</subfield>
   </datafield>
   <datafield ind2=" " ind1=" " tag="260">
      <subfield code="c">2016-09-29</subfield>
   </datafield>
   <datafield ind2=" " ind1=" " tag="520">
      <subfield code="a">Kooperarock egitasmoaren barruan, urriaren 5ean, "Belaunaldien arteko elkarrizketak" izeneko mahai-ingurua egingo dute Aretxabaletako campusean. Ekitaldia hasiko da 17:00etan eta bertan aurkeztuko dute Humanitate eta Hezkuntza Zientzien Fakultateko Ikus-entzunezko Komunikazioa graduko ikasle bikote batek gaiari buruz egindako dokumentala. Sarrera librea da.</subfield>
   </datafield>
   <datafield ind2=" " ind1=" " tag="520">
      <subfield code="a">Dentro de las actividades organizadas en torno al proyecto Kooperarock, el próximo día 5 de octubre se llevará a cabo una mesa redonda bajo el nombre "Belaunaldien arteko elkarrizketak". En el acto, que comenzará a las 17:00 horas y se celebrará en el campus de Aretxabaleta, se presentá  a su vez el documental del mismo nombre realizado por dos alumnos del grado de audiovisuales de la Facultad de Humanidades y Ciencias de la Educación.</subfield>
   </datafield>
   <datafield ind1="8" ind2=" " tag="024">
      <subfield code="a">https://hdl.handle.net/20.500.11984/4774</subfield>
   </datafield>
   <datafield tag="653" ind2=" " ind1=" ">
      <subfield code="a">Humanitate eta Hezkuntza Zientzien Fakultatea</subfield>
   </datafield>
   <datafield ind2="0" ind1="0" tag="245">
      <subfield code="a">"Belaunaldien arteko elkarrizketak" mahai-ingurua eta dokumentalaren aurkezpena, urriaren 5ean, Aretxabaletako campusean</subfield>
   </datafield>
   <datafield ind2="0" ind1="0" tag="245">
      <subfield code="a">El día 5 de octubre se presentará en una mesa redonda el documental "Belaunaldien arteko elkarrizketak"</subfield>
   </datafield>
</record></metadata></record></GetRecord></OAI-PMH>